| 000 | 00844cab a22002535a 4500 | ||
|---|---|---|---|
| 001 | L159746 | ||
| 008 | 171218e2016 xxk 000 0 eng d | ||
| 035 | _a(Sirsi) u159746 | ||
| 041 | 0 | _aeng | |
| 100 | 1 | _aCreasey, S. | |
| 245 | 0 | 0 | _aShare of the market |
| 260 | _c2016 | ||
| 490 |
_aModus _vSeptember 2016, 30-31 (2) |
||
| 520 | _aThe rise of co-working space is a game changer for London's serviced office providers. Lower prices for a desk space drives companies offering co-working space ahead of serviced offices providers. | ||
| 650 | 2 | 4 | _aCO-WORKING |
| 650 | 2 | 4 | _aSERVICED OFFICES |
| 650 | 2 | 4 | _aOFFICE SPACE |
| 650 | 2 | 4 | _aSPACE UTILISATION |
| 650 | 2 | 4 | _aOFFICE OCCUPIERS |
| 651 | 4 |
_aUnited Kingdom _y |
|
| 690 |
_aCommercial property _96227 |
||
| 856 | 4 | 0 | _uhttps://issuu.com/ricsmodus/docs/modus_sep16_web_v2 |
| 942 | _n0 | ||
| 999 |
_c84955 _d84955 |
||